[Event "Suwalki op"]
[Site "Suwalki"]
[Date "2015.06.30"]
[Round "2"]
[White "Muller, Marcin"]
[Black "Kutylo, Konrad"]
[Result "0-1"]
[WhiteElo "1576"]
[BlackElo "1277"]
[PlyCount "152"]
[EventDate "2015.06.29"]
[EventType "swiss"]
[EventRounds "9"]
[EventCountry "POL"]
[SourceTitle "EXT 2017"]
[Source "ChessBase"]
[SourceDate "2016.10.25"]
[SourceVersion "1"]
[SourceVersionDate "2016.10.25"]
[SourceQuality "1"]

1. e4 e5 2. Nf3 Nc6 3. Bc4 Bc5 4. 0-0 d6 5. c3 Be6 6. Bxe6 fxe6 7. Qb3 Qd7 8. d3 Bb6 9. Nbd2 Nf6 10. Nc4 h6 11. Nxb6 axb6 12. Qd1 0-0 13. b4 Nh7 14. a4 Rf6 15. Kh1 Ne7 16. c4 Ng6 17. g3 Raf8 18. Ng1 Rxf2 19. Rxf2 Rxf2 20. Be3 Rf6 21. Kg2 Rf8 22. a5 bxa5 23. bxa5 Ra8 24. h4 Nf6 25. Kh3 Kh7 26. Qb3 Qc6 27. g4 Nf4+ 28. Kg3 g5 29. h5 Rf8 30. Qb5 Qxb5 31. cxb5 Ra8 32. a6 b6 33. Bxf4 exf4+ 34. Kf3 e5 35. a7 Nd7 36. Ne2 Kg7 37. Nc3 Nf6 38. Ra4 Kf7 39. Na2 Ng8 40. Nb4 Ne7 41. Ra2 Ke6 42. Kf2 Kd7 43. Na6 Kc8 44. Nb4 Kb7 45. Rc2 Rxa7 46. Na6 Kc8 47. Kf3 c6 48. Rc3 c5 49. Rc2 Kb7 50. Rc1 Ng8 51. Rc4 Nf6 52. Rc2 Ne8 53. Rb2 Nc7 54. Nxc7 Kxc7 55. Ke2 Kb7 56. Kd2 Ra3 57. Ke2 Ra4 58. Kf3 Rb4 59. Ra2 Rxb5 60. Ke2 Ra5 61. Rb2 Kc6 62. Kf3 b5 63. Ke2 b4 64. Rb1 Ra3 65. Rc1 Kb5 66. Rb1 Ra2+ 67. Kf3 Ka4 68. d4 exd4 69. e5 dxe5 70. Rxb4+ Kxb4 71. Ke4 Ra6 72. Kxe5 d3 73. Ke4 d2 74. Ke5 d1Q 75. Ke4 Qe2+ 76. Kd5 Qe6# 0-1

[Event "Polanica Zdroj op-D 49th"]
[Site "Polanica Zdroj"]
[Date "2013.08.20"]
[Round "4"]
[White "Wojcik, Wieslaw"]
[Black "Muller, Marcin"]
[Result "1-0"]
[WhiteElo "1863"]
[BlackElo "1518"]
[PlyCount "67"]
[EventDate "2013.08.17"]
[EventType "swiss"]
[EventRounds "9"]
[EventCountry "POL"]
[SourceTitle "EXT 2014"]
[Source "ChessBase"]
[SourceDate "2013.11.20"]
[SourceVersion "1"]
[SourceVersionDate "2013.11.20"]
[SourceQuality "1"]

1. d4 e6 2. c4 c6 3. Nf3 d5 4. Nc3 Bb4 5. Qc2 Nf6 6. Bd2 Bd6 7. Bg5 h6 8. Bxf6 Qxf6 9. cxd5 cxd5 10. Nxd5 Qd8 11. Nc3 0-0 12. e3 a6 13. Be2 Bd7 14. 0-0 Nc6 15. a3 e5 16. Rfd1 Bb8 17. Rd2 Qe7 18. Nd5 Qe8 19. dxe5 Nxe5 20. Nb6 Ra7 21. Nxd7 Nxd7 22. Rad1 b5 23. Qc6 Ne5 24. Qxe8 Nxf3+ 25. Bxf3 Rxe8 26. Rd8 Kf8 27. Bc6 Rxd8 28. Rxd8+ Ke7 29. Rxb8 Rc7 30. Rb7 Kd6 31. Rxc7 Kxc7 32. Bd5 f6 33. b4 Kd6 34. Bb7 1-0

[Event "Wloclawek CC Classic 07th"]
[Site "Wloclawek"]
[Date "2013.??.??"]
[Round "5"]
[White "Daczkowski, Miroslaw"]
[Black "Muller, Marcin"]
[Result "0-1"]
[WhiteElo "1800"]
[BlackElo "1557"]
[PlyCount "54"]
[EventDate "2013.04.??"]
[EventType "swiss"]
[EventRounds "7"]
[EventCountry "POL"]
[SourceTitle "EXT 2021"]
[Source "ChessBase"]
[SourceDate "2020.10.23"]
[SourceVersion "1"]
[SourceVersionDate "2020.10.23"]
[SourceQuality "1"]

1. e4 c5 2. d4 cxd4 3. c3 dxc3 4. Nxc3 a6 5. Nf3 e6 6. Bc4 Nc6 7. 0-0 Bb4 8. Qe2 Nf6 9. e5 Ng4 10. h3 Nh6 11. Bxh6 gxh6 12. Ne4 0-0 13. Qe3 Nxe5 14. Nxe5 d5 15. Rad1 Qc7 16. Qxh6 Qxe5 17. Nf6+ Qxf6 18. Qxf6 dxc4 19. Rd4 e5 20. Qg5+ Kh8 21. Qxe5+ f6 22. Qh5 Rg8 23. Rh4 Rg7 24. Qe8+ Rg8 25. Qf7 Rg7 26. Qf8+ Bxf8 27. Rxc4 Bxh3 0-1

[Event "Wloclawek CC Classic 07th"]
[Site "Wloclawek"]
[Date "2013.??.??"]
[Round "6"]
[White "Jeziorny, Janusz"]
[Black "Muller, Marcin"]
[Result "1-0"]
[WhiteElo "1664"]
[BlackElo "1557"]
[PlyCount "75"]
[EventDate "2013.04.??"]
[EventType "swiss"]
[EventRounds "7"]
[EventCountry "POL"]
[SourceTitle "EXT 2021"]
[Source "ChessBase"]
[SourceDate "2020.10.23"]
[SourceVersion "1"]
[SourceVersionDate "2020.10.23"]
[SourceQuality "1"]

1. e4 c5 2. Nf3 Nc6 3. d4 cxd4 4. Nxd4 e5 5. Nb5 d6 6. c4 a6 7. N5c3 Be6 8. Be3 Nf6 9. Be2 Qa5 10. 0-0 Be7 11. Nd2 Nd4 12. Bxd4 exd4 13. Nb3 Qb6 14. Qxd4 Qc6 15. Nd5 Nd7 16. Qxg7 Rf8 17. Nd4 Bxd5 18. Nxc6 Bxc6 19. Qd4 0-0-0 20. Rad1 f5 21. b4 Bxe4 22. f3 Bc2 23. Rc1 Ba4 24. Kh1 Kb8 25. Bd1 Bc6 26. a4 Ne5 27. b5 axb5 28. axb5 Be8 29. Ra1 Bf6 30. Qa7+ Kc7 31. b6+ Kc6 32. Ba4+ Kc5 33. Qa5+ Kxc4 34. Rac1+ Kd4 35. Qc3+ Kd5 36. Bb3+ Nc4 37. Qxc4+ Ke5 38. Rfe1# 1-0

[Event "Wloclawek CC Classic 07th"]
[Site "Wloclawek"]
[Date "2013.??.??"]
[Round "7"]
[White "Muller, Marcin"]
[Black "Lapinski, Jerzy"]
[Result "0-1"]
[WhiteElo "1557"]
[BlackElo "1800"]
[PlyCount "54"]
[EventDate "2013.04.??"]
[EventType "swiss"]
[EventRounds "7"]
[EventCountry "POL"]
[SourceTitle "EXT 2021"]
[Source "ChessBase"]
[SourceDate "2020.10.23"]
[SourceVersion "1"]
[SourceVersionDate "2020.10.23"]
[SourceQuality "1"]

1. e4 c5 2. f4 d6 3. Bc4 Nf6 4. Nc3 Nc6 5. f5 Na5 6. Be2 e6 7. fxe6 Bxe6 8. Nf3 Be7 9. 0-0 0-0 10. Ng5 Bc4 11. Bxc4 Nxc4 12. d3 Ne5 13. Nf3 Nc6 14. Bg5 h6 15. Be3 a6 16. Qe1 Ng4 17. Bd2 Nge5 18. Qg3 Kh7 19. Nd5 Nxf3+ 20. Qxf3 Ne5 21. Qf5+ g6 22. Qh3 Bg5 23. Bxg5 Qxg5 24. c3 Kg7 25. d4 cxd4 26. cxd4 Nc4 27. b3 Nd2 0-1

[Event "Wloclawek CC Classic 07th"]
[Site "Wloclawek"]
[Date "2013.??.??"]
[Round "2"]
[White "Muller, Marcin"]
[Black "Lebiedzinski, Maciej"]
[Result "0-1"]
[WhiteElo "1557"]
[BlackElo "1800"]
[PlyCount "27"]
[EventDate "2013.04.??"]
[EventType "swiss"]
[EventRounds "7"]
[EventCountry "POL"]
[SourceTitle "EXT 2021"]
[Source "ChessBase"]
[SourceDate "2020.10.23"]
[SourceVersion "1"]
[SourceVersionDate "2020.10.23"]
[SourceQuality "1"]

1. e4 c5 2. f4 d6 3. Bc4 e6 4. Nf3 Be7 5. 0-0 Nf6 6. e5 dxe5 7. fxe5 Nd5 8. d3 a6 9. c3 b5 10. Bb3 Bb7 11. Nbd2 Ne3 12. Qe1 Nxf1 13. Qxf1 Qc7 14. Qe1 0-1

[Event "Polanica Zdroj op-D 47th"]
[Site "Polanica Zdroj"]
[Date "2011.08.21"]
[Round "2"]
[White "Muller, Marcin"]
[Black "Flazinski, Jozef"]
[Result "0-1"]
[WhiteElo "1630"]
[BlackElo "1989"]
[PlyCount "96"]
[EventDate "2011.08.20"]
[EventType "swiss"]
[EventRounds "9"]
[EventCountry "POL"]
[SourceTitle "EXT 2014"]
[Source "ChessBase"]
[SourceDate "2013.11.20"]
[SourceVersion "1"]
[SourceVersionDate "2013.11.20"]
[SourceQuality "1"]

1. d4 d5 2. c4 dxc4 3. Qa4+ c6 4. Qxc4 Nf6 5. Nc3 Nbd7 6. e4 e5 7. Nf3 exd4 8. Qxd4 Bc5 9. Qc4 Ng4 10. Nd1 Qb6 11. Qc2 0-0 12. h3 Nge5 13. Be2 Nxf3+ 14. Bxf3 Ne5 15. Be3 Qa5+ 16. Bd2 Bb4 17. a3 Bxd2+ 18. Qxd2 Qc7 19. Qe2 Be6 20. Ne3 Qb6 21. 0-0 Rad8 22. Rfd1 Rxd1+ 23. Nxd1 Rd8 24. Kh2 Bc4 25. Qe3 Qc7 26. Qf4 Nxf3+ 27. Kg3 Qxf4+ 28. Kxf4 Nd4 29. Ne3 Be6 30. Kg3 Nb3 31. Rd1 Rxd1 32. Nxd1 Nd2 33. Kf4 Bb3 34. Ne3 g5+ 35. Ke5 f6+ 36. Kd4 Be6 37. f3 Nb3+ 38. Kc3 Kf7 39. g4 Ke7 40. Ng2 c5 41. h4 h6 42. h5 Nd4 43. Ne1 Kd6 44. Kd3 b5 45. b4 Nc6 46. Kc3 c4 47. Nc2 Ke5 48. Kd2 Nd4 0-1

[Event "Gora Sw Anny op 1st"]
[Site "Gora Sw Anny"]
[Date "2008.02.20"]
[Round "4"]
[White "Muller, Marcin"]
[Black "Lisowska, Olga"]
[Result "0-1"]
[WhiteElo "1732"]
[BlackElo "1800"]
[PlyCount "74"]
[EventDate "2008.02.18"]
[EventType "swiss"]
[EventRounds "9"]
[EventCountry "POL"]
[SourceTitle "CBM 122 Extra"]
[Source "ChessBase"]
[SourceDate "2008.03.04"]
[SourceVersion "1"]
[SourceVersionDate "2008.03.04"]
[SourceQuality "1"]

1. e4 c6 2. d4 d5 3. e5 Bf5 4. Nf3 e6 5. c3 Nd7 6. Be3 Qc7 7. Bd3 Bxd3 8. Qxd3 Ne7 9. 0-0 Ng6 10. h4 h5 11. g3 0-0-0 12. Ng5 Nb6 13. Nxe6 Nxe5 14. dxe5 fxe6 15. f4 Nc4 16. Bc1 Bc5+ 17. Kh2 Rdf8 18. b4 Be7 19. Nd2 Nxe5 20. fxe5 Rxf1 21. Qxf1 Qxe5 22. Qd3 Bxh4 23. Kh3 Bf6 24. Bb2 h4 25. g4 Be7 26. Rb1 Bd6 27. Nf1 Rf8 28. c4 Qf4 29. cxd5 exd5 30. b5 Qf2 31. bxc6 Rf3+ 32. Qxf3 Qxf3+ 33. Kxh4 Be7+ 34. Kh5 Qh3+ 35. Kg6 Qxg4+ 36. Kf7 Qf5+ 37. Kxe7 Qxb1 0-1

[Event "Niederschlesien-ch op"]
[Site "Wroclaw"]
[Date "2007.06.27"]
[Round "6"]
[White "Muller, Marcin"]
[Black "Daleczko, Wladyslaw"]
[Result "0-1"]
[WhiteElo "1728"]
[BlackElo "1451"]
[PlyCount "58"]
[EventDate "2007.06.25"]
[EventType "swiss"]
[EventRounds "9"]
[EventCountry "POL"]
[SourceTitle "EXT 2011"]
[Source "ChessBase"]
[SourceDate "2010.11.26"]
[SourceVersion "1"]
[SourceVersionDate "2010.11.26"]
[SourceQuality "1"]

1. e4 d6 2. d4 Nf6 3. Bd3 g6 4. f4 Bg7 5. Nf3 0-0 6. c4 Na6 7. a3 c5 8. d5 Nc7 9. Nc3 a6 10. 0-0 Bd7 11. a4 b6 12. h3 Rb8 13. Qe2 Qe8 14. g4 h5 15. Nh2 b5 16. e5 bxc4 17. Bxc4 Nh7 18. b3 hxg4 19. hxg4 e6 20. Bb2 exd5 21. Nxd5 Nxd5 22. Bxd5 Be6 23. Qd3 dxe5 24. fxe5 Rd8 25. Qh3 Rxd5 26. Nf3 Qd7 27. Nh2 Rd2 28. Bc3 Rd3 29. Rf3 Ng5 0-1

[Event "Niederschlesien-ch op"]
[Site "Wroclaw"]
[Date "2007.06.25"]
[Round "2"]
[White "Obrusnik, Michal"]
[Black "Muller, Marcin"]
[Result "1-0"]
[WhiteElo "1977"]
[BlackElo "1728"]
[PlyCount "31"]
[EventDate "2007.06.25"]
[EventType "swiss"]
[EventRounds "9"]
[EventCountry "POL"]
[SourceTitle "EXT 2011"]
[Source "ChessBase"]
[SourceDate "2010.11.26"]
[SourceVersion "1"]
[SourceVersionDate "2010.11.26"]
[SourceQuality "1"]

1. e4 e6 2. d4 d5 3. Nc3 Bb4 4. e5 Nd7 5. Qg4 Kf8 6. a3 Bxc3+ 7. bxc3 f5 8. exf6 Ndxf6 9. Qg3 b6 10. Bd3 c5 11. Nf3 c4 12. Be2 Ne4 13. Qf4+ Ke8 14. Bxc4 Ne7 15. Ne5 Rf8 16. Bb5+ 1-0

[Event "POL-ch disabled"]
[Site "Chotowa"]
[Date "2007.05.28"]
[Round "4.22"]
[White "Muller, Marcin"]
[Black "Grobelna, Ewa"]
[Result "1/2-1/2"]
[WhiteElo "1728"]
[BlackElo "770"]
[PlyCount "33"]
[EventDate "2007.05.26"]
[EventType "swiss"]
[EventRounds "9"]
[EventCountry "POL"]
[SourceTitle "EXT 2023"]
[Source "ChessBase"]
[SourceDate "2022.10.05"]
[SourceVersion "1"]
[SourceVersionDate "2022.10.05"]
[SourceQuality "1"]

1. e4 e5 2. Nf3 Nc6 3. Bc4 h6 4. d4 exd4 5. Nxd4 Ne5 6. Bb3 d6 7. Nc3 c6 8. 0-0 Be7 9. f4 Ng4 10. h3 N4f6 11. e5 dxe5 12. fxe5 Nd5 13. Qf3 Be6 14. Nxe6 fxe6 15. Qf7+ Kd7 16. Qxg7 Ngf6 17. exf6 1/2-1/2

[Event "POL-ch disabled"]
[Site "Chotowa"]
[Date "2007.05.27"]
[Round "2.18"]
[White "Dluski, Emil"]
[Black "Muller, Marcin"]
[Result "1-0"]
[WhiteElo "1956"]
[BlackElo "1728"]
[PlyCount "32"]
[EventDate "2007.05.26"]
[EventType "swiss"]
[EventRounds "9"]
[EventCountry "POL"]
[SourceTitle "EXT 2023"]
[Source "ChessBase"]
[SourceDate "2022.10.05"]
[SourceVersion "1"]
[SourceVersionDate "2022.10.05"]
[SourceQuality "1"]

1. e4 c5 2. g3 e5 3. Bg2 Nc6 4. Ne2 g6 5. 0-0 Bg7 6. c3 d6 7. f4 Nge7 8. h3 Bd7 9. Kh2 0-0 10. Qc2 Rc8 11. f5 f6 12. g4 Kh8 13. Na3 Be8 14. Qd3 a6 15. Nc4 b5 16. Ne3 Bf7 1-0

[Event "POL-ch disabled"]
[Site "Chotowa"]
[Date "2007.05.26"]
[Round "1.9"]
[White "Muller, Marcin"]
[Black "Gigon, Stanislaw"]
[Result "0-1"]
[WhiteElo "1728"]
[BlackElo "2014"]
[PlyCount "90"]
[EventDate "2007.05.26"]
[EventType "swiss"]
[EventRounds "9"]
[EventCountry "POL"]
[SourceTitle "EXT 2023"]
[Source "ChessBase"]
[SourceDate "2022.10.05"]
[SourceVersion "1"]
[SourceVersionDate "2022.10.05"]
[SourceQuality "1"]

1. e4 d6 2. d4 Nf6 3. Nc3 g6 4. h3 Bg7 5. Nf3 0-0 6. Be3 c6 7. Be2 b5 8. a3 a6 9. b4 Nbd7 10. Nd2 e5 11. Nb3 Re8 12. 0-0 Qc7 13. Bf3 Nb6 14. Be2 exd4 15. Bxd4 Be6 16. Qd2 Bc4 17. Rae1 Bxe2 18. Rxe2 Nc4 19. Qf4 Nh5 20. Qc1 Bxd4 21. Nxd4 c5 22. Nf3 f6 23. g4 Ng7 24. Nd5 Qf7 25. Rfe1 g5 26. h4 h6 27. h5 Qe6 28. Nh2 Rac8 29. f3 Qe5 30. Kg2 Ne6 31. c3 Kf7 32. Nf1 a5 33. Nfe3 cxb4 34. axb4 axb4 35. Nf5 b3 36. Nxh6+ Kf8 37. Qb1 b2 38. Rxb2 Nxb2 39. Qxb2 Rc5 40. Rd1 Rxd5 41. Rxd5 Nf4+ 42. Kf2 Nxd5 43. Qxb5 Qh2+ 44. Ke1 Ra8 45. Qxd5 Ra1+ 0-1

[Event "IPCA Wch-B 8th"]
[Site "Wisla"]
[Date "2007.05.21"]
[Round "7"]
[White "Muller, Marcin"]
[Black "Twardowski, Edward"]
[Result "0-1"]
[WhiteElo "1728"]
[BlackElo "1873"]
[PlyCount "34"]
[EventDate "2007.05.15"]
[EventType "swiss"]
[EventRounds "9"]
[EventCountry "POL"]
[SourceTitle "EXT 2011"]
[Source "ChessBase"]
[SourceDate "2010.11.26"]
[SourceVersion "1"]
[SourceVersionDate "2010.11.26"]
[SourceQuality "1"]

1. e4 e5 2. Nf3 f5 3. Nxe5 Nc6 4. Qh5+ g6 5. Nxg6 Nf6 6. Qxf5 hxg6 7. Qxg6+ Ke7 8. Bc4 Ne5 9. Qg5 Nxc4 10. e5 Nxe5 11. Qxe5+ Kf7 12. 0-0 Bd6 13. Qb5 Bxh2+ 14. Kh1 c6 15. Qb3+ d5 16. d4 Qd6 17. f3 Nh5 0-1